Neuter words in Modern Greek - Statistics

General Stats
  • This quiz has been taken 3 times
  • The average score is 6 of 10
Answers on the Grid
Answers color-coded by a green-red scale on the quiz's grid according to % correct below.
γάλα
γάτα
γιος
είσοδος
έξοδος
είδος
Καναδάς
κρέας
χαμός
χάρτης
λάθος
μέρος
μέθοδος
Ουάσιγκτον
παϊδάκια
παπούτσια
Ρόδος
σκύλος
Τέξας
φως
 
Answer Stats
Answer % Correct
παϊδάκια
100%
παπούτσια
100%
γάλα
67%
κρέας
67%
μέρος
67%
Τέξας
67%
φως
67%
γιος
33%
είδος
33%
λάθος
33%
No matching quizzes found
Score Distribution
Percent of People with Each Score
Percentile by Number Answered
Your Score History
You have not taken this quiz